Statistiques concernant Chansons 🎶 en emojis 🎤 #3

Cliquez ici pour prendre le quiz!

Statistiques générales

  • Ce quiz a été pris 1 288 fois
  • Le résultat moyen est 4 sur 10

Statistiques - réponses

Titre% Correct
👩 👀 🔫Elle a les yeux revolver
89%
(🦻) 🐺 🦊 🐹Le loup, le renard et la belette
71%
👍 🤷 👎Oui ou non
57%
💃 👹La salsa du démon
43%
🚫 👔 🚫 👖Sans chemise, sans pantalon
40%
💜 🐺Coeur de loup
36%
👩‍❤️‍💋‍👩Une femme avec une femme
22%
🙋😍⚰️Je l'aime à mourir
14%
💨 🏆Mistral gagnant
4%
⌚️ 🏙 😴Quand la ville dort
3%

Distribution des résultats

Percentile par nombre de réponses

% des personnes avec chaque résultat

Votre développement - résultats

Vous n’avez pas pris ce quiz